00225nam a2200109Ia 4500008004100000041000800041082001600049100001500065245001100080260001700091365000700108230303s9999 xx 000 0 und d aeng a808.543 RAN aRAND (AYN) aAnthem bsignet books cRS